000 00265nam a22001217a 4500
082 _a823
_bGOO/R
100 _aGOOMER, S K
245 _aRAMAYANA - 11, CHILDHOOD EPISODE
260 _aDELHI
_bDREAMLAND
300 _a24
650 _aENGLISH STORY
_zINDIA
942 _cBK
999 _c7472
_d7472